| 000 | 00715cab a2200229 4500 | ||
|---|---|---|---|
| 001 | WB3325-08 | ||
| 008 | 090401t1997 xxu||||| |||| 00| 0 eng d | ||
| 035 | _a(Sirsi) u79226 | ||
| 041 | _aeng | ||
| 245 | _aBusiness property prices | ||
| 260 | _c1997 | ||
| 350 | _a0 | ||
| 490 |
_aRICS Press Release _v(pr65.comm) 24 June 1997, (2) |
||
| 520 | _aThe latest LBS/RICS Commercial Property Capital Value Forecast forecasts that capital values will rise by 7% during 1997. | ||
| 650 | _aCAPITAL VALUES | ||
| 650 | _aCOMMERCIAL PROPERTY PRICES | ||
| 650 | _aFORECASTS | ||
| 650 | _aRICS/LBS COMMERCIAL PROPERTY VALUE FORECAST | ||
| 690 | _aPROPERTY-COMMERCIAL PROPERTY | ||
| 942 | _n0 | ||
| 948 | _c25/06/1997 | ||
| 999 |
_c49813 _d49813 |
||